Problemas de ecuaciones diferenciales ordinarias

Saved in:
Bibliographic Details
Main Authors: Kiseliov, A. I (Author), Krasnov, M (Author), Makarenko, G (Author)
Format: Book
Language:Spanish
Published: Moscú Mir 1968
Subjects:
Tags: Add Tag
No Tags, Be the first to tag this record!

MARC

LEADER 00000nam a2200000 a 4500
001 UCI8984
003 CL-VaPUC
008 081016e19680000ru |||||||||||||||||spa|d
082 0 4 |a 515.35  |b KIS  |2 21 
100 |a Kiseliov, A. I  |e author  |9 564088 
700 0 |a Krasnov, M  |e author  |9 532654 
700 0 |a Makarenko, G  |e author  |9 532655 
245 1 0 |a Problemas de ecuaciones diferenciales ordinarias 
300 |a 219 p 
942 |c BK 
945 |d 20081016 00:00:00  |a rbrito 
260 |a Moscú  |b Mir  |c 1968 
650 0 |a Ecuaciones diferenciales  |9 260083 
650 7 |a ECUACIONES DIFERENCIALES LINEALES  |2 CL-VaPUC  |9 270390 
583 |a last modification  |c 20171123 02:35:00  |k Rodrigo Vera 
999 |c 331698  |d 331696 
952 |0 0  |1 0  |4 0  |6 515_350000000000000_KIS_1968  |7 0  |8 A  |9 418721  |a BIBMAT  |b BIBMAT  |d 2019-11-22  |i 4489829  |o 515.35 KIS 1968  |p 4489829  |r 2025-01-07  |w 2019-11-22  |y BK  |k MAT